| 000 | 00867nam a22002417a 4500 | ||
|---|---|---|---|
| 003 | OSt | ||
| 005 | 20210621091700.0 | ||
| 008 | 210312b 2020 dr a 00| 0 eng d | ||
| 020 | _a9789945617757 | ||
| 040 |
_aDO-SdBNP _bspa _cBNPHU |
||
| 082 | 4 |
_aRD861.5 _bP397e _222 |
|
| 100 | 1 |
_aPeña Guzmán, Giselle Carolina de, _d1994- _978110 |
|
| 245 | 1 | 0 |
_aEsencia : _butopías del corazón / _cGiselle Carolina de Peña Guzmán ; prólogo: Arsenio Díaz. |
| 260 |
_aSanto Domingo : _bSantuario, _c2020. |
||
| 300 |
_a130 p. : _bil. ; _c23 cm. |
||
| 500 | _aIncluye datos biográficos de la autora en la solapa de la cubierta. | ||
| 590 | _aInventariado, 2021 /LP | ||
| 650 | 4 |
_aPoesía dominicana _978915 |
|
| 650 | 4 |
_aLiteratura dominicana _978916 |
|
| 700 | 1 |
_aDíaz, Arsenio, _eprólogo _98335 |
|
| 910 | _aValidado. Control de calidad MFF | ||
| 942 |
_2ddc _cLBS1 |
||
| 999 |
_c49548 _d49548 |
||